Football Teams With at Least 78% Guesses - Statistics

General Stats
  • This quiz has been taken 9 times
  • The average score is 16 of 21
Answer Stats
% Guessed Team % Correct
89% New York Giants
100%
88% Dallas Cowboys
89%
78% Denver Broncos
89%
90% New England Patriots
89%
87% New York Jets
89%
78% Baltimore Ravens
78%
86% Green Bay Packers
78%
78% Houston Texans
78%
78% Kansas City Chiefs
78%
78% Los Angeles Rams
78%
87% Miami Dolphins
78%
80% Minnesota Vikings
78%
83% Philadelphia Eagles
78%
85% San Francisco 49ers
78%
82% Seattle Seahawks
78%
80% Washington Commanders
78%
78% Cleveland Browns
67%
82% Las Vegas Raiders
67%
78% Los Angeles Chargers
67%
84% Pittsburgh Steelers
67%
81% Chicago Bears
56%
No matching quizzes found
Score Distribution
Percent of People with Each Score
Percentile by Number Answered
Your Score History
You have not taken this quiz